000 00493nam a22001817a 4500
005 20251204165432.0
008 251203b |||||||| |||| 00| 0 eng d
020 _a978-93-6616-110-5
041 _aeng
082 _a616.0756 KHA
100 _aKHANDURI, SACHIN
_98837
245 _aKARTHIKEYAN,S STEP BY STEP CT SCAN
250 _a2ND ED, 2025
260 _aNEW DELHI
_bJATPEE BROTHERS DISTRIBUTERS PVT LTD
_c2025
300 _a242;P
650 _aPARAMEDICAL
_xBMIRT
_98845
942 _cBK
999 _c9018
_d9016